LEADER 00951nam a2200277 i 4500 001 991002031909707536 005 20020508185322.0 008 980219s1996 de ||| | ger 020 $a3406389341 035 $ab10949045-39ule_inst 035 $aPARLA153281$9ExL 040 $aDip.to Filosofia$bita 082 0 $a180 100 1 $aHöffe, Otfried$0421144 245 10$aAristoteles /$cOtfried Höffe 260 $aMünchen :$bBeck,$c1996 300 $a315 p. ;$c18 cm. 490 0 $aBeck'sche Reihe. Denker ;$v535 500 $aIncludes bibliographical references (p. 290-304) and indexes. 650 4$aAristotele$xSaggio critico 907 $a.b10949045$b23-02-17$c28-06-02 912 $a991002031909707536 945 $aLE005 180 ARI01. HOF01. 01$g1$i2005000008740$lle005$o-$pE0.00$q-$rl$s- $t0$u0$v0$w0$x0$y.i11056447$z28-06-02 996 $aAristoteles$9863320 997 $aUNISALENTO 998 $ale005$b01-01-98$cm$da $e-$fger$gde $h0$i1 LEADER 01604nam 2200505 450 001 9910822135103321 005 20230810001744.0 010 $a1-119-36878-2 010 $a1-119-36877-4 035 $a(CKB)3710000001024825 035 $a(MiAaPQ)EBC4790379 035 $a(Au-PeEL)EBL4790379 035 $a(CaPaEBR)ebr11332870 035 $a(CaONFJC)MIL989120 035 $a(OCoLC)969550611 035 $a(EXLCZ)993710000001024825 100 $a20170206h20172017 uy 0 101 0 $aeng 135 $aurcnu|||||||| 181 $2rdacontent 182 $2rdamedia 183 $2rdacarrier 200 10$aCompressible flow propulsion and digital approaches in fluid mechanics /$fMichel Ledoux, Abdelkhalak El Hami 210 1$aLondon, [England] :$cISTE,$d2017. 210 4$d©2017 215 $a1 online resource (293 pages) $cillustrations, tables 225 1 $aMathematical and Mechanical Engineering Set ;$vVolume 4 311 $a1-78630-112-1 311 $a1-119-36876-6 320 $aIncludes bibliographical references and index. 410 0$aMathematical and Mechanical Engineering Set ;$vVolume 4. 606 $aFluid mechanics 606 $aIrreversible processes 615 0$aFluid mechanics. 615 0$aIrreversible processes. 676 $a620.10 700 $aLedoux$b Michel$059813 702 $aEl Hami$b Abdelkhalak 801 0$bMiAaPQ 801 1$bMiAaPQ 801 2$bMiAaPQ 906 $aBOOK 912 $a9910822135103321 996 $aCompressible flow propulsion and digital approaches in fluid mechanics$93974174 997 $aUNINA